| 000 | 01179nam0a2200325 i 4500 | ||
|---|---|---|---|
| 001 | RU\NLR\BIBL_A\010861606 | ||
| 005 | 20240725020430.0 | ||
| 010 |
_a9785367033212 _920000 |
||
| 021 |
_aRU _b2015-69982 _94190 |
||
| 035 | _a(NILC)RuMoRGB-008016653 | ||
| 035 | _a(NLR Aleph) 010861606 | ||
| 090 |
_a10423511 _c10423511 |
||
| 100 | _a20151014d2015 m y0rusy50 ca | ||
| 101 | 0 | _arus | |
| 102 | _aRU | ||
| 105 | _aach z 000ay | ||
| 200 | 1 |
_aМозгокилометры души _eстихи и проза, размышления, афоризмы, интервью и эссе _fВадим Радомысльский |
|
| 210 |
_aСанкт-Петербург _cАмфора _d2015 |
||
| 215 |
_a355, [1] с., [36] л. ил., цв. ил., портр. _cил., факс., портр. _d21 _e1 электрон. опт. диск (CD-ROM) |
||
| 333 | _a12+ | ||
| 675 | _a821.161.1 | ||
| 686 | 2 | _aШ6(2=Р)8я44 | |
| 700 | 1 |
_aРадомысльский _bВ. _f1967- _gВадим |
|
| 801 | 0 |
_aRU _bРГБ _c20150909 _gRCR |
|
| 801 | 1 |
_aRU _bРГБ _c20150909 _2rusmarc |
|
| 942 | _cBOOK | ||
| 980 | _aNBR | ||